00497nam a22001217a 4500020001600000082001200016100001700028245020100045260003200246300003100278650004100309700002500350 qHard Cover. a620.011 aIjaz Husnain aDevelopment of thin film photovoltaics based on CZTS absorber, hydrogen doped In2O3 window layers and modeling the economic viability of utility scale power production in Pakistan /cIjaz Husnain. aIslamabad :bUSPCAS - NUSt, axi, 100 p. : ill. ;c30cm. aEnergy Systems Engineering MS-Thesis aDr. Zuhair S., Khan.